[Event "Titled Tuesday intern op 03rd Sep Late"]
[Site "Chess.com INT"]
[Date "2024.09.03"]
[Round "4"]
[White "Martinez Martin, David"]
[Black "Nita, Lucian"]
[Result "1-0"]
[WhiteElo "2390"]
[BlackElo "2134"]
[PlyCount "155"]
[EventDate "2024.09.03"]
[EventType "swiss (blitz)"]
[EventRounds "11"]
[EventCountry "USA"]
[SourceTitle "EXT 2025"]
[Source "ChessBase"]
[SourceDate "2024.10.14"]
[SourceVersion "1"]
[SourceVersionDate "2024.10.14"]
[SourceQuality "1"]

1. d4 d6 2. c4 Nf6 3. Nc3 e5 4. dxe5 dxe5 5. Qxd8+ Kxd8 6. Nf3 Nc6 7. Bd2 Be6 8. 0-0-0 Kc8 9. Ng5 Bxc4 10. b3 Ba3+ 11. Kb1 Be6 12. Nxe6 fxe6 13. g3 Bc5 14. Be1 Rd8 15. Bh3 Rxd1+ 16. Nxd1 Kd7 17. Nb2 Ke7 18. Nd3 Bd6 19. Bc3 Ne4 20. Be1 Rf8 21. f3 Ng5 22. Bg2 e4 23. fxe4 Ne5 24. h4 Ngf7 25. Nf4 g6 26. Bh3 Nd8 27. Bc3 Nec6 28. Bg7 Rf7 29. Bh6 Be5 30. Rd1 Bf6 31. Nd3 Ne5 32. Nc5 b6 33. Na4 Ke8 34. Kc2 Be7 35. Bf4 Ndc6 36. Bxe6 Rf6 37. Bd5 Rd6 38. Nc3 Rd8 39. Be6 Nb4+ 40. Kb2 Rxd1 41. Nxd1 Bd6 42. Nc3 Nbc6 43. Nd5 Nd4 44. Bh3 Nxe2 45. Bf1 Nxf4 46. gxf4 Nd7 47. Kc3 Be7 48. Nxe7 Kxe7 49. Kd4 c6 50. e5 Nf8 51. Ke4 Ne6 52. Bh3 Nc5+ 53. Ke3 a5 54. h5 a4 55. h6 axb3 56. axb3 Nxb3 57. f5 Kf7 58. e6+ Kf6 59. fxg6 Kxg6 60. Bf5+ Kf6 61. Bxh7 Nc5 62. Bg8 Nb7 63. h7 Kg7 64. e7 Nd6 65. Kf4 Ne8 66. Ke5 b5 67. Ke6 c5 68. Bf7 Nc7+ 69. Kd7 Nd5 70. Bxd5 c4 71. h8Q+ Kxh8 72. e8Q+ Kg7 73. Qf7+ Kh6 74. Qf2 Kg5 75. Ke6 c3 76. Qf5+ Kh4 77. Bf3 b4 78. Qg4# 1-0

[Event "Titled Tuesday intern op 27th Aug Early"]
[Site "Chess.com INT"]
[Date "2024.08.27"]
[Round "2"]
[White "Dzhumagaliev, Yan"]
[Black "Martinez Martin, David"]
[Result "1-0"]
[WhiteElo "2411"]
[BlackElo "2390"]
[PlyCount "37"]
[EventDate "2024.08.27"]
[EventType "swiss (blitz)"]
[EventRounds "11"]
[EventCountry "USA"]
[SourceTitle "EXT 2025"]
[Source "ChessBase"]
[SourceDate "2024.10.14"]
[SourceVersion "1"]
[SourceVersionDate "2024.10.14"]
[SourceQuality "1"]

1. d4 Nf6 2. c4 e6 3. Nf3 d5 4. g3 Be7 5. Bg2 0-0 6. 0-0 dxc4 7. Nc3 a6 8. e4 b5 9. Qe2 Bb7 10. Rd1 b4 11. e5 bxc3 12. exf6 Bxf6 13. bxc3 Nd7 14. Ba3 Be7 15. Bxe7 Qxe7 16. Qxc4 Nb6 17. Qd3 a5 18. Ng5 Bxg2 19. Qxh7# 1-0

[Event "Titled Tuesday intern op 27th Aug Late"]
[Site "Chess.com INT"]
[Date "2024.08.27"]
[Round "10"]
[White "Ghevondyan, Arman"]
[Black "Martinez Martin, David"]
[Result "1-0"]
[WhiteElo "2216"]
[BlackElo "2390"]
[PlyCount "35"]
[EventDate "2024.08.27"]
[EventType "swiss (blitz)"]
[EventRounds "11"]
[EventCountry "USA"]
[SourceTitle "EXT 2025"]
[Source "ChessBase"]
[SourceDate "2024.10.14"]
[SourceVersion "1"]
[SourceVersionDate "2024.10.14"]
[SourceQuality "1"]

1. Nf3 Nf6 2. g3 d5 3. Bg2 c5 4. 0-0 g6 5. d4 cxd4 6. Nxd4 Bg7 7. c4 dxc4 8. Nb5 Qxd1 9. Rxd1 Na6 10. N1a3 0-0 11. Nxc4 Bg4 12. Kf1 Nc5 13. Be3 Nfd7 14. Rac1 a6 15. Nc7 Rac8 16. Nd5 Rfe8 17. Ndb6 Nxb6 18. Nxb6 1-0

[Event "Titled Tuesday intern op 27th Aug Late"]
[Site "Chess.com INT"]
[Date "2024.08.27"]
[Round "6"]
[White "Troff, Kayden W"]
[Black "Martinez Martin, David"]
[Result "1-0"]
[WhiteElo "2490"]
[BlackElo "2390"]
[PlyCount "83"]
[EventDate "2024.08.27"]
[EventType "swiss (blitz)"]
[EventRounds "11"]
[EventCountry "USA"]
[SourceTitle "EXT 2025"]
[Source "ChessBase"]
[SourceDate "2024.10.14"]
[SourceVersion "1"]
[SourceVersionDate "2024.10.14"]
[SourceQuality "1"]

1. d4 Nf6 2. Nf3 e6 3. Bf4 b6 4. e3 Bb7 5. Nbd2 g6 6. a4 a5 7. Bd3 Bg7 8. c3 0-0 9. h4 d6 10. h5 Nxh5 11. Rxh5 gxh5 12. Ng5 h6 13. Nh7 e5 14. Bxh6 Bxh6 15. Qxh5 Kg7 16. Nxf8 Qxf8 17. 0-0-0 f5 18. g4 e4 19. g5 exd3 20. Qxh6+ Kg8 21. Qh5 Nd7 22. f3 Qg7 23. e4 fxe4 24. fxe4 Nf8 25. Rf1 Ng6 26. Qg4 Rf8 27. Qe6+ Rf7 28. Rf6 Nf8 29. Qc4 d5 30. exd5 Qxg5 31. Rxf7 Kxf7 32. d6+ Ke8 33. Qxd3 cxd6 34. b3 Bc8 35. Kb2 Bf5 36. Qb5+ Ke7 37. Nc4 Qg2+ 38. Ka3 Bd7 39. Qxb6 Qd5 40. Qxa5 Qb7 41. Qg5+ Ke8 42. Nxd6# 1-0

[Event "Titled Tuesday intern op 13th Aug Late"]
[Site "Chess.com INT"]
[Date "2024.08.13"]
[Round "3"]
[White "Martinez Martin, David"]
[Black "Pakleza, Zbigniew"]
[Result "1-0"]
[WhiteElo "2390"]
[BlackElo "2483"]
[PlyCount "97"]
[EventDate "2024.08.13"]
[EventType "swiss (blitz)"]
[EventRounds "11"]
[EventCountry "USA"]
[SourceTitle "EXT 2025"]
[Source "ChessBase"]
[SourceDate "2024.10.14"]
[SourceVersion "1"]
[SourceVersionDate "2024.10.14"]
[SourceQuality "1"]

1. d4 d6 2. Nf3 Bg4 3. e4 Nf6 4. Nc3 e6 5. h3 Bh5 6. g4 Bg6 7. Bd3 Be7 8. Be3 d5 9. e5 Nfd7 10. Ne2 c5 11. c3 Qb6 12. 0-0 Nc6 13. Kg2 Rc8 14. Nf4 Bxd3 15. Nxd3 c4 16. Nf4 Qxb2 17. Rb1 Qxc3 18. Rxb7 Qa5 19. Nh5 Rg8 20. Bg5 Qa6 21. Qb1 g6 22. Bxe7 gxh5 23. Bd6 hxg4 24. hxg4 Rxg4+ 25. Kh3 Rg6 26. Nh4 Nb6 27. Nxg6 hxg6 28. Rc7 Rxc7 29. Bxc7 Nxd4 30. Kg2 Kd7 31. Bd6 Nf5 32. Rh1 c3 33. Rh7 Nxd6 34. exd6 Qc4 35. Qxg6 Qe4+ 36. Qxe4 dxe4 37. Rh1 Kxd6 38. Rc1 Nd5 39. Kf1 Kc5 40. Ke2 Kc4 41. Rb1 c2 42. Rb8 Kc3 43. Rc8+ Kb2 44. Rb8+ Kc1 45. Rc8 f5 46. a3 a5 47. Rh8 Nc3+ 48. Ke3 Kd1 49. Rh1# 1-0

[Event "Titled Tuesday intern op 13th Aug Late"]
[Site "Chess.com INT"]
[Date "2024.08.13"]
[Round "9"]
[White "Shapiro, Viktor"]
[Black "Martinez Martin, David"]
[Result "1-0"]
[WhiteElo "2074"]
[BlackElo "2390"]
[PlyCount "93"]
[EventDate "2024.08.13"]
[EventType "swiss (blitz)"]
[EventRounds "11"]
[EventCountry "USA"]
[SourceTitle "EXT 2025"]
[Source "ChessBase"]
[SourceDate "2024.10.14"]
[SourceVersion "1"]
[SourceVersionDate "2024.10.14"]
[SourceQuality "1"]

1. c4 e6 2. g3 d5 3. Bg2 Nf6 4. Nf3 Be7 5. 0-0 0-0 6. d3 b6 7. b3 Bb7 8. Bb2 a5 9. a3 Na6 10. Nbd2 h6 11. Qc2 c5 12. e3 Qc7 13. Rac1 Rac8 14. Rfd1 Rfd8 15. Qb1 dxc4 16. Nxc4 Bd5 17. Be5 Qb7 18. e4 Nxe4 19. dxe4 Bxe4 20. Ne1 Bxg2 21. Nxg2 b5 22. Nxa5 Qb6 23. Bc3 Bg5 24. Rxd8+ Rxd8 25. Rd1 Rd5 26. h4 Be7 27. Ne3 Rxd1+ 28. Qxd1 Qc7 29. Qd3 b4 30. Qxa6 bxc3 31. Nac4 Qd8 32. Qc6 c2 33. Nxc2 Qd1+ 34. Kg2 Qxc2 35. Qf3 Qc1 36. a4 Qa1 37. a5 Bf6 38. Qb7 Bd4 39. Nd6 Bxf2 40. Qxf7+ Kh8 41. Qf8+ Kh7 42. Qxf2 Qxa5 43. Qc2+ Kh8 44. Ne4 Qa8 45. Qc4 Qa2+ 46. Nf2 Qa8+ 47. Qe4 1-0

[Event "Titled Tuesday intern op 30th Jul Early"]
[Site "Chess.com INT"]
[Date "2024.07.30"]
[Round "3"]
[White "Martinez Martin, David"]
[Black "Iturrizaga Bonelli, Eduardo"]
[Result "0-1"]
[WhiteElo "2390"]
[BlackElo "2577"]
[PlyCount "86"]
[EventDate "2024.07.30"]
[EventType "swiss (blitz)"]
[EventRounds "11"]
[EventCountry "USA"]
[SourceTitle "EXT 2025"]
[Source "ChessBase"]
[SourceDate "2024.10.14"]
[SourceVersion "1"]
[SourceVersionDate "2024.10.14"]
[SourceQuality "1"]

1. d4 Nf6 2. c4 b6 3. Nc3 Bb7 4. d5 e6 5. e4 Bb4 6. Bd3 0-0 7. Nge2 d6 8. a3 Bxc3+ 9. Nxc3 Nbd7 10. 0-0 a5 11. Bg5 h6 12. Bh4 Re8 13. b4 Qc8 14. f4 e5 15. f5 c6 16. Rc1 axb4 17. axb4 c5 18. b5 Ra3 19. Qd2 Qa8 20. Kh1 Qa5 21. Rg1 Nh7 22. g4 f6 23. Be1 Ra8 24. h4 Kf7 25. Qh2 Rb3 26. Bd2 Rb2 27. Rc2 Rxc2 28. Bxc2 Rg8 29. Bd1 Qb4 30. g5 hxg5 31. hxg5 Nxg5 32. Bxg5 fxg5 33. Qh5+ Kf8 34. Rg3 Qxc4 35. Qxg5 Nf6 36. Kg1 Qd4+ 37. Kf1 Kf7 38. Qg6+ Ke7 39. Qg5 Bc8 40. Qg6 Bd7 41. Qg5 Be8 42. Rg1 Bxb5+ 43. Ke1 Qxc3+ 0-1

[Event "Titled Tuesday intern op 30th Jul Early"]
[Site "Chess.com INT"]
[Date "2024.07.30"]
[Round "4"]
[White "Omariev, Maksim"]
[Black "Martinez Martin, David"]
[Result "1-0"]
[WhiteElo "2304"]
[BlackElo "2390"]
[PlyCount "27"]
[EventDate "2024.07.30"]
[EventType "swiss (blitz)"]
[EventRounds "11"]
[EventCountry "USA"]
[SourceTitle "EXT 2025"]
[Source "ChessBase"]
[SourceDate "2024.10.14"]
[SourceVersion "1"]
[SourceVersionDate "2024.10.14"]
[SourceQuality "1"]

1. b3 Nf6 2. Bb2 g6 3. h3 Bg7 4. g4 h6 5. Bg2 d6 6. d4 Nbd7 7. Nf3 h5 8. g5 Ne4 9. c4 c5 10. Qd3 Qa5+ 11. Kf1 f5 12. Nc3 Nxc3 13. Bxc3 cxd4 14. Bxa5 1-0

[Event "Titled Tuesday intern op 09th Jul Late"]
[Site "Chess.com INT"]
[Date "2024.07.09"]
[Round "2"]
[White "Nazari, Arad"]
[Black "Martinez Martin, David"]
[Result "0-1"]
[WhiteElo "2389"]
[BlackElo "2390"]
[PlyCount "118"]
[EventDate "2024.07.09"]
[EventType "swiss (blitz)"]
[EventRounds "11"]
[EventCountry "USA"]
[SourceTitle "EXT 2025"]
[Source "ChessBase"]
[SourceDate "2024.10.14"]
[SourceVersion "1"]
[SourceVersionDate "2024.10.14"]
[SourceQuality "1"]

1. f4 d5 2. Nf3 c6 3. e3 g6 4. Be2 Bg7 5. 0-0 Nd7 6. Qe1 e5 7. Bd3 e4 8. Be2 exf3 9. Bxf3 Ngf6 10. d3 0-0 11. e4 dxe4 12. dxe4 Nb6 13. Nc3 Re8 14. e5 Nfd5 15. Ne4 f6 16. Nd6 fxe5 17. Nxe8 Qxe8 18. fxe5 Qxe5 19. Qh4 Qd4+ 20. Qxd4 Bxd4+ 21. Kh1 Ne3 22. Bxe3 Bxe3 23. Rae1 Bc5 24. Re8+ Kg7 25. g4 Bxg4 26. Re5 Bxf3+ 27. Rxf3 Bf8 28. b3 Rd8 29. c4 Rd1+ 30. Kg2 Rd2+ 31. Rf2 Rxf2+ 32. Kxf2 Kf7 33. Kf3 Nd7 34. Re1 Bd6 35. h3 h5 36. Rd1 Ke6 37. Re1+ Be5 38. Rg1 Kf5 39. Rd1 Nf6 40. Rd8 g5 41. Ra8 g4+ 42. hxg4+ hxg4+ 43. Kg2 Bd4 44. Rb8 b6 45. Rc8 Ne4 46. Rxc6 Nc3 47. a4 Nd1 48. b4 Kf4 49. Rc7 Ne3+ 50. Kh2 g3+ 51. Kh3 g2 52. Rf7+ Ke4 53. Kh2 Kd3 54. Rxa7 Kxc4 55. a5 b5 56. Rc7+ Kxb4 57. a6 Nd5 58. a7 Nxc7 59. Kxg2 Bxa7 0-1

[Event "Titled Tuesday intern op 11th Jun Late"]
[Site "Chess.com INT"]
[Date "2024.06.11"]
[Round "5"]
[White "Martinez Martin, David"]
[Black "Ramirez Madrid, Gerardo Alfonso"]
[Result "1-0"]
[WhiteElo "2390"]
[BlackElo "1959"]
[PlyCount "69"]
[EventDate "2024.06.11"]
[EventType "swiss (blitz)"]
[EventRounds "11"]
[EventCountry "USA"]
[SourceTitle "EXT 2025"]
[Source "ChessBase"]
[SourceDate "2024.10.14"]
[SourceVersion "1"]
[SourceVersionDate "2024.10.14"]
[SourceQuality "1"]

1. e4 c5 2. Nf3 d6 3. d4 cxd4 4. Nxd4 Nf6 5. Nc3 a6 6. h3 Nc6 7. Be3 e5 8. Nb3 Be6 9. Qd2 d5 10. exd5 Nxd5 11. Nxd5 Qxd5 12. 0-0-0 Qxd2+ 13. Rxd2 Be7 14. Be2 Rd8 15. Rhd1 Rxd2 16. Rxd2 f6 17. Bf3 Kf7 18. Nc5 Bc8 19. Bd5+ Kg6 20. Ne6 Rd8 21. Nxd8 Nxd8 22. g4 Nc6 23. Be4+ f5 24. Bd5 h6 25. gxf5+ Bxf5 26. f4 Bxh3 27. Bxc6 bxc6 28. fxe5 Be6 29. a4 Kf5 30. c3 g5 31. Bd4 h5 32. Rf2+ Kg6 33. Kd2 h4 34. Rf1 g4 35. Ke3 1-0

[Event "Titled Tuesday intern op 23rd Apr Late"]
[Site "Chess.com INT"]
[Date "2024.04.23"]
[Round "2"]
[White "Kappeler, Kaspar"]
[Black "Martinez Martin, David"]
[Result "1-0"]
[WhiteElo "2108"]
[BlackElo "2390"]
[PlyCount "55"]
[EventDate "2024.04.23"]
[EventType "swiss (blitz)"]
[EventRounds "11"]
[EventCountry "USA"]
[SourceTitle "CBM 219 Extra"]
[Source "ChessBase"]
[SourceDate "2024.05.31"]
[SourceVersion "1"]
[SourceVersionDate "2024.05.31"]
[SourceQuality "1"]

1. d4 Nf6 2. c4 e6 3. g3 d5 4. Bg2 Be7 5. Nf3 0-0 6. 0-0 a5 7. Qc2 a4 8. Nbd2 c6 9. e4 dxe4 10. Nxe4 Nxe4 11. Qxe4 Nd7 12. Bf4 Nf6 13. Qe2 a3 14. b3 b5 15. Ne5 Bb7 16. Nxc6 Bxc6 17. Bxc6 bxc4 18. Bxa8 Qxa8 19. bxc4 Rd8 20. Rfd1 Ne4 21. Rac1 Bg5 22. Qe3 Bxf4 23. Qxf4 Nf6 24. h3 Qc6 25. d5 Qe8 26. dxe6 fxe6 27. Rxd8 Qxd8 28. Qe5 1-0

[Event "Titled Tuesday intern op 26th Mar Late"]
[Site "Chess.com INT"]
[Date "2024.03.26"]
[Round "1"]
[White "Martinez Martin, David"]
[Black "Galaktionov, Artem"]
[Result "1-0"]
[WhiteElo "2390"]
[BlackElo "2305"]
[PlyCount "87"]
[EventDate "2024.03.26"]
[EventType "swiss (blitz)"]
[EventRounds "11"]
[EventCountry "USA"]
[SourceTitle "EXT 2025"]
[Source "ChessBase"]
[SourceDate "2024.10.14"]
[SourceVersion "1"]
[SourceVersionDate "2024.10.14"]
[SourceQuality "1"]

1. e4 c6 2. d4 g6 3. Nc3 d6 4. h4 Bg7 5. h5 Qb6 6. Nge2 e5 7. h6 Bf6 8. d5 Be7 9. Be3 Qxb2 10. a3 cxd5 11. Ra2 Qxa2 12. Nxa2 dxe4 13. Nec3 f5 14. Nd5 Bd8 15. Bc4 Nc6 16. Ndb4 Kd7 17. Qd5 Nge7 18. Qf7 f4 19. Bc1 Kc7 20. Qg7 Re8 21. Bf7 Bd7 22. Bxe8 Bxe8 23. Qxh7 Kb6 24. Qg7 Nf5 25. Qf8 Be7 26. Nd5+ Kc5 27. Nxe7 Ncxe7 28. h7 Rc8 29. h8Q Kd4 30. 0-0 Bd7 31. Qxc8 Bxc8 32. Nb4 a5 33. Bb2+ Kc5 34. Na2 Bd7 35. Nc3 Bc6 36. Re1 e3 37. fxe3 Nxe3 38. Qf8 N7f5 39. Nd1 Nxc2 40. Rxe5+ Kc4 41. Rxf5 gxf5 42. Qxf5 Ne1 43. Qxf4+ Kd5 44. Qd2+ 1-0

[Event "Titled Tuesday intern op 05th Mar Late"]
[Site "Chess.com INT"]
[Date "2024.03.05"]
[Round "1"]
[White "Martinez Martin, David"]
[Black "Bacrot, Etienne"]
[Result "0-1"]
[WhiteElo "2390"]
[BlackElo "2680"]
[PlyCount "70"]
[EventDate "2024.03.05"]
[EventType "swiss (blitz)"]
[EventRounds "11"]
[EventCountry "USA"]
[SourceTitle "EXT 2025"]
[Source "ChessBase"]
[SourceDate "2024.10.14"]
[SourceVersion "1"]
[SourceVersionDate "2024.10.14"]
[SourceQuality "1"]

1. Nf3 d5 2. g3 Nc6 3. Bg2 e5 4. 0-0 e4 5. Ne1 f5 6. d3 Nf6 7. dxe4 fxe4 8. Bg5 Be7 9. c4 dxc4 10. Qxd8+ Bxd8 11. Nd2 Be6 12. Rc1 Nd4 13. Rd1 c3 14. bxc3 Nxe2+ 15. Kh1 Nxc3 16. Rc1 h6 17. Rxc3 hxg5 18. Nxe4 Nxe4 19. Bxe4 Rb8 20. Re3 Kf7 21. Nf3 Bf6 22. Bg6+ Kxg6 23. Rxe6 Rhe8 24. Rxe8 Rxe8 25. Rc1 c6 26. Rb1 b5 27. Rc1 Re6 28. Kg2 a5 29. Rc5 g4 30. Nd2 a4 31. Nf1 Bd4 32. Rc2 c5 33. h3 gxh3+ 34. Kxh3 b4 35. Nd2 Re2 0-1

[Event "Titled Tuesday intern op 20th Feb Late"]
[Site "Chess.com INT"]
[Date "2024.02.20"]
[Round "1"]
[White "Korchmar, Vasiliy"]
[Black "Martinez Martin, David"]
[Result "1/2-1/2"]
[WhiteElo "2438"]
[BlackElo "2388"]
[PlyCount "161"]
[EventDate "2024.02.20"]
[EventType "swiss (blitz)"]
[EventRounds "11"]
[EventCountry "USA"]
[SourceTitle "EXT 2025"]
[Source "ChessBase"]
[SourceDate "2024.10.14"]
[SourceVersion "1"]
[SourceVersionDate "2024.10.14"]
[SourceQuality "1"]

1. e4 c5 2. d4 cxd4 3. Qxd4 Nc6 4. Qd3 Nf6 5. Nc3 e6 6. Bf4 Bb4 7. 0-0-0 0-0 8. Nge2 d5 9. exd5 exd5 10. Nxd5 Nxd5 11. Qxd5 Qxd5 12. Rxd5 Be6 13. Rb5 Bxa2 14. Rxb7 a5 15. Nc3 Be6 16. Bd3 a4 17. Be4 Bxc3 18. bxc3 Na5 19. Rb4 Rac8 20. Rxa4 Nc4 21. Rd1 h6 22. h4 Rc5 23. Rd4 Rfc8 24. Bb7 Re8 25. Re4 Nb6 26. Rab4 Nd5 27. Bxd5 Rxd5 28. c4 Rc5 29. Bd6 Rc6 30. c5 Ra8 31. Kb2 Ra2+ 32. Kc3 Bf5 33. Re2 Ra3+ 34. Rb3 Ra2 35. f3 h5 36. Rb2 Ra3+ 37. Kc4 Ra8 38. Rb8+ Rxb8 39. Bxb8 f6 40. Bd6 Kf7 41. Kd5 Rc8 42. Re7+ Kg6 43. c6 Bxc2 44. c7 Bf5 45. Re2 Ra8 46. Rb2 Ra1 47. Bf4 Rd1+ 48. Kc6 Rd4 49. g3 Rc4+ 50. Kb7 Kf7 51. Rb5 Bd7 52. Rxh5 Bc6+ 53. Kb8 Bxf3 54. Rh8 Bg4 55. c8Q Bxc8 56. Rxc8 Rb4+ 57. Kc7 Ke6 58. Re8+ Kf5 59. Re3 g5 60. hxg5 fxg5 61. Re5+ Kf6 62. Rxg5 Rc4+ 63. Kd6 Ra4 64. Kd5 Ra5+ 65. Ke4 Rxg5 66. Bxg5+ Kxg5 67. Kf3 Kf5 68. g4+ Kg5 69. Kg3 Kg6 70. Kf4 Kf6 71. g5+ Kg6 72. Kg4 Kg7 73. Kf5 Kf7 74. g6+ Kg7 75. Kg5 Kg8 76. Kh6 Kh8 77. Kh5 Kg7 78. Kg5 Kg8 79. Kf6 Kf8 80. g7+ Kg8 81. Kg6 1/2-1/2

[Event "Titled Tuesday intern op 20th Feb Late"]
[Site "Chess.com INT"]
[Date "2024.02.20"]
[Round "4"]
[White "Martinez Martin, David"]
[Black "Zavgorodniy, Sergiy"]
[Result "0-1"]
[WhiteElo "2388"]
[BlackElo "2401"]
[PlyCount "70"]
[EventDate "2024.02.20"]
[EventType "swiss (blitz)"]
[EventRounds "11"]
[EventCountry "USA"]
[SourceTitle "EXT 2025"]
[Source "ChessBase"]
[SourceDate "2024.10.14"]
[SourceVersion "1"]
[SourceVersionDate "2024.10.14"]
[SourceQuality "1"]

1. e4 c6 2. Nf3 d5 3. e5 Bg4 4. Be2 e6 5. 0-0 Nd7 6. c4 Bxf3 7. Bxf3 Nxe5 8. cxd5 Nxf3+ 9. Qxf3 Qxd5 10. Qe2 Nf6 11. Nc3 Qd7 12. d4 Be7 13. Be3 0-0 14. Rad1 Nd5 15. Ne4 Rfd8 16. Nc5 Qc7 17. Bc1 b6 18. Nd3 Bf6 19. Ne5 c5 20. Nf3 Rac8 21. a3 Qb7 22. dxc5 Rxc5 23. Bg5 Rdc8 24. Bxf6 Nxf6 25. Qd2 h6 26. Rc1 Rxc1 27. Rxc1 Rxc1+ 28. Qxc1 Nd5 29. h3 Qc7 30. Qd1 Qc4 31. Ne5 Qe4 32. Nc6 Nf4 33. Ne7+ Kh7 34. f3 Qe3+ 35. Kf1 Nd3 0-1

[Event "Titled Tuesday intern op 06th Feb Late"]
[Site "Chess.com INT"]
[Date "2024.02.06"]
[Round "2"]
[White "Czopor, Maciej"]
[Black "Martinez Martin, David"]
[Result "0-1"]
[WhiteElo "2356"]
[BlackElo "2388"]
[PlyCount "182"]
[EventDate "2024.02.06"]
[EventType "swiss (blitz)"]
[EventRounds "11"]
[EventCountry "USA"]
[SourceTitle "CBM 218 Extra"]
[Source "ChessBase"]
[SourceDate "2024.03.31"]
[SourceVersion "1"]
[SourceVersionDate "2024.03.31"]
[SourceQuality "1"]

1. c4 e6 2. Nc3 d5 3. e3 Nf6 4. g4 Be7 5. g5 Ne4 6. Nxe4 dxe4 7. h4 b6 8. Ne2 Nd7 9. Bg2 Nc5 10. d4 Nd3+ 11. Kf1 Bb7 12. Ng3 Nxc1 13. Rxc1 0-0 14. Nxe4 Rb8 15. Qg4 c5 16. Rd1 Qc7 17. b3 cxd4 18. exd4 Kh8 19. Rh3 Rbd8 20. Kg1 Bc8 21. Qh5 e5 22. Rf3 Bb4 23. d5 Qd7 24. Rg3 Qf5 25. Qe2 Qf4 26. h5 Bf5 27. h6 g6 28. Nf6 Bc5 29. Kh2 Qh4+ 30. Bh3 Bxh3 31. Rxh3 Qxg5 32. Ne4 Qf4+ 33. Kg2 Bd4 34. Rdd3 f5 35. Rhg3 Qxe4+ 36. Qxe4 fxe4 37. Rd1 Rxf2+ 38. Kh3 Rdf8 39. d6 R2f3 40. Kg4 Rd8 41. Rxf3 exf3 42. Kxf3 Rxd6 43. Ke4 Rf6 44. b4 Kg8 45. Kd5 Kf7 46. c5 bxc5 47. bxc5 Re6 48. Rb1 Re7 49. Rb8 Bf2 50. Rh8 Kf6 51. Rf8+ Kg5 52. Rxf2 Kxh6 53. c6 Kg5 54. Kd6 Rg7 55. Kxe5 h5 56. Rg2+ Kh4 57. Kd6 g5 58. c7 Rg8 59. Rc2 g4 60. c8Q Rxc8 61. Rxc8 Kg3 62. Ke5 h4 63. Rc3+ Kh2 64. Kf4 g3 65. Rc2+ g2 66. Kg4 h3 67. Kh4 Kh1 68. Kxh3 g1Q 69. Rd2 Qf1+ 70. Kg3 Qe1+ 71. Rf2 Qe3+ 72. Rf3 Qg5+ 73. Kf2 Qd2+ 74. Kg3 Qg5+ 75. Kf2 Qh4+ 76. Ke3 Kg1 77. Rf4 Qg3+ 78. Ke4 Qg6+ 79. Rf5 Qc6+ 80. Rd5 Qc4+ 81. Ke5 Qxa2 82. Kd6 Qg2 83. Rc5 Qg6+ 84. Kd5 Qb6 85. Kc4 Kf2 86. Rb5 Qc6+ 87. Rc5 Qe6+ 88. Kb4 Qa6 89. Rc4 Qb6+ 90. Kc3 a5 91. Rb4 Qxb4+ 0-1

[Event "Titled Tuesday intern op 06th Feb Late"]
[Site "Chess.com INT"]
[Date "2024.02.06"]
[Round "1"]
[White "Martinez Martin, David"]
[Black "Pinero Rodriguez, Carlos Jose"]
[Result "1-0"]
[WhiteElo "2388"]
[BlackElo "2242"]
[PlyCount "71"]
[EventDate "2024.02.06"]
[EventType "swiss (blitz)"]
[EventRounds "11"]
[EventCountry "USA"]
[SourceTitle "CBM 218 Extra"]
[Source "ChessBase"]
[SourceDate "2024.03.31"]
[SourceVersion "1"]
[SourceVersionDate "2024.03.31"]
[SourceQuality "1"]

1. d4 Nf6 2. Nf3 e6 3. e3 c5 4. Bd3 b6 5. 0-0 Bb7 6. c4 d6 7. Nc3 a6 8. d5 exd5 9. cxd5 b5 10. e4 Be7 11. h3 0-0 12. Bf4 Nbd7 13. Rc1 Re8 14. Re1 Bf8 15. a3 Rc8 16. b4 g6 17. Bb1 Qb6 18. Qd2 Bg7 19. e5 dxe5 20. Nxe5 cxb4 21. axb4 h5 22. Ba2 a5 23. bxa5 Qxa5 24. d6 Rf8 25. Nxg6 b4 26. Ne7+ Kh8 27. Ncd5 Rxc1 28. Rxc1 Qa8 29. Bh6 Bxd5 30. Bxg7+ Kxg7 31. Bxd5 Ne5 32. Bxa8 Rd8 33. Nf5+ Kf8 34. Bf3 Ng6 35. Qh6+ Ke8 36. Bc6+ 1-0

[Event "Titled Tuesday intern op 06th Feb Early"]
[Site "Chess.com INT"]
[Date "2024.02.06"]
[Round "1"]
[White "Plyasunov, Daniil"]
[Black "Martinez Martin, David"]
[Result "1-0"]
[WhiteElo "2241"]
[BlackElo "2388"]
[PlyCount "81"]
[EventDate "2024.02.06"]
[EventType "swiss (blitz)"]
[EventRounds "11"]
[EventCountry "USA"]
[SourceTitle "CBM 218 Extra"]
[Source "ChessBase"]
[SourceDate "2024.03.31"]
[SourceVersion "1"]
[SourceVersionDate "2024.03.31"]
[SourceQuality "1"]

1. e4 c5 2. Nf3 d6 3. Bb5+ Bd7 4. Bxd7+ Nxd7 5. 0-0 Ngf6 6. Qe2 g6 7. c3 Bg7 8. d4 0-0 9. Rd1 cxd4 10. cxd4 e6 11. Nc3 Nb6 12. Bg5 h6 13. Bh4 g5 14. Bg3 Nh5 15. e5 Nxg3 16. hxg3 dxe5 17. dxe5 Qe7 18. Rd4 Rfd8 19. Rad1 Rxd4 20. Rxd4 Rd8 21. Qd3 Rxd4 22. Qxd4 Qd7 23. Qe4 Bf8 24. Nd4 Bc5 25. Nb3 Be7 26. g4 Kg7 27. g3 f5 28. gxf5 exf5 29. Qe2 Kg6 30. Nd2 Qe6 31. Nf3 Bc5 32. Kg2 g4 33. Nh4+ Kg7 34. Qd3 Qxe5 35. Nxf5+ Kg6 36. Nh4+ Kg7 37. Qg6+ Kf8 38. Qxh6+ Ke8 39. Qg6+ Kd8 40. Qxg4 Bd4 41. Nf3 1-0

[Event "Titled Tuesday intern op 23rd Jan Early"]
[Site "Chess.com INT"]
[Date "2024.01.23"]
[Round "2"]
[White "Martinez Martin, David"]
[Black "Cuenca Jimenez, Jose Fernando"]
[Result "0-1"]
[WhiteElo "2386"]
[BlackElo "2514"]
[PlyCount "79"]
[EventDate "2024.01.23"]
[EventType "swiss (blitz)"]
[EventRounds "11"]
[EventCountry "USA"]
[SourceTitle "EXT 2025"]
[Source "ChessBase"]
[SourceDate "2024.10.14"]
[SourceVersion "1"]
[SourceVersionDate "2024.10.14"]
[SourceQuality "1"]

1. d4 Nf6 2. Nf3 g6 3. g3 Bg7 4. Bg2 0-0 5. 0-0 d6 6. c4 Nc6 7. Nc3 a6 8. Bf4 Rb8 9. Qd2 b5 10. cxb5 axb5 11. a3 Na5 12. Rad1 Bf5 13. e4 Bg4 14. h3 Bxf3 15. Bxf3 Nd7 16. Be2 Nb3 17. Qe3 Nxd4 18. Bh6 Bxh6 19. Qxh6 e5 20. f4 f6 21. f5 g5 22. h4 c6 23. Kh2 Qe7 24. Bg4 Qg7 25. Qxg7+ Kxg7 26. Ne2 c5 27. Nc3 Nb6 28. hxg5 fxg5 29. Kg2 h6 30. Rh1 b4 31. Ne2 Nc4 32. Nxd4 cxd4 33. Rc1 Ne3+ 34. Kf3 bxa3 35. Rc7+ Rf7 36. Rxf7+ Kxf7 37. bxa3 Kg7 38. Rc1 Rb3 39. Rc7+ Kf8 40. Kf2 0-1